| 000 | 00964nam a2200229Ia 4500 | ||
|---|---|---|---|
| 001 | L247-14311 | ||
| 003 | IT-CnALBA | ||
| 008 | 170116s9999||||xx |||||||||||||| ||und|| | ||
| 040 |
_aIT-CnALBA _cIT-CnALBA |
||
| 041 | _aITALIANO | ||
| 100 | _aJUDICA CORDIGLIA G. BATTISTA, MEDICO | ||
| 245 | 0 | _aLA SINDONE CONTRO PILATO. MOMENTI DELLA PASSIONE VISTI DA UN MEDICO. | |
| 250 | _a1a ed. | ||
| 260 |
_aTORINO _bLICE. ROBERTO BERRUTI & C. _c1944 [1° Ed.:1944 - Ed.Ling.Originale: 1944] |
||
| 300 | _a168 p. (prefazione: 11) | ||
| 500 | _aVANGELI E SINDONE. GETSEMANI. MONTE SION. FORTEZZA ANTONIA. CALVARIO. CROCIFISSIONE. PILATO. | ||
| 501 | _aSocietà San Paolo EM - Piazza San Paolo, 14 - 12051 ALBA (CN) (non commercial uses only) ® Copyright 2017 | ||
| 520 | _aVANGELI E SINDONE. GETSEMANI. MONTE SION. FORTEZZA ANTONIA. CALVARIO. CROCIFISSIONE. PILATO. | ||
| 650 | _aOGGETTI D'ARTE RELIGIOSA - ARREDI SACRI | ||
| 942 | _cBK | ||
| 957 | _71 | ||
| 999 |
_a19063 _bSI _g Copie: 1 _c273485 _d273485 |
||